[Event "Team men HL chess 2017"]
[Site "Sochi"]
[Date "2017.05.09"]
[Round "8.7"]
[White "Bezdenezhnyh, Pavel"]
[Black "Matsenko, Andrei"]
[Result "0-1"]
[WhiteElo "2188"]
[BlackElo "2314"]
[PlyCount "74"]
[EventDate "2017.05.01"]

1. e4 c6 2. Nc3 g6 3. d4 d5 4. e5 Bg7 5. h3 e6 6. Nf3 Ne7 7. Bg5 Nd7 8. Qd2 h6
9. Bf4 a6 10. Na4 b5 11. Nc5 a5 12. c3 a4 13. Be2 Qb6 14. Nd3 g5 15. Be3 Nf5
16. O-O Nf8 17. b3 Ng6 18. c4 Nxe3 19. fxe3 bxc4 20. bxc4 dxc4 21. Nb2 O-O 22.
Nxc4 Qa7 23. Nh2 Ba6 24. Nd6 Bxe2 25. Qxe2 c5 26. Rab1 cxd4 27. Rb7 d3 28. Qf2
Qc5 29. Ng4 Nxe5 30. Nxe5 Qxe5 31. Nxf7 Qd5 32. Rc7 d2 33. Rd1 Qxa2 34. Qf3 Qd5
35. Qh5 Qe4 36. Nxh6+ Bxh6 37. Qxh6 Qxe3+ 0-1

[Event "Team men HL chess 2017"]
[Site "Sochi"]
[Date "2017.05.09"]
[Round "8.7"]
[White "Kazantsev, Nikita"]
[Black "Solonkov, Dmitrij"]
[Result "1-0"]
[WhiteElo "2244"]
[BlackElo "2449"]
[PlyCount "65"]
[EventDate "2017.05.01"]

1. e4 e5 2. Nf3 d6 3. d4 Nd7 4. Bc4 c6 5. Nc3 Be7 6. a4 a5 7. Qe2 Ngf6 8. O-O
O-O 9. h3 Qb6 10. Be3 Qc7 11. Rad1 h6 12. Nh4 Nb6 13. dxe5 dxe5 14. Bxb6 Qxb6
15. Ng6 Re8 16. Nxe5 Be6 17. Bxe6 fxe6 18. Qc4 Bb4 19. Nd3 Kh8 20. e5 Bxc3 21.
bxc3 Nd5 22. Rfe1 Rf8 23. Nc5 Rf7 24. Rb1 Qa7 25. Qd4 Re8 26. Ne4 b6 27. c4 Nb4
28. Nd6 Nxc2 29. Qe4 Nxe1 30. Nxe8 Qe7 31. Nd6 Nf3+ 32. gxf3 Rf8 33. Qg4 1-0

[Event "Team men HL chess 2017"]
[Site "Sochi"]
[Date "2017.05.09"]
[Round "8.8"]
[White "Bublei, Pavel"]
[Black "Domogaev, Sergey"]
[Result "1-0"]
[WhiteElo "2399"]
[BlackElo "2431"]
[PlyCount "101"]
[EventDate "2017.05.01"]

1. d4 Nf6 2. c4 e6 3. Nc3 Bb4 4. Bf4 O-O 5. e3 b6 6. Nf3 Bb7 7. Bd3 d5 8. O-O
Bd6 9. Bg5 dxc4 10. Bxc4 Nbd7 11. Qe2 h6 12. Bh4 e5 13. Rfd1 exd4 14. Nxd4 Qe8
15. Nf5 Be5 16. Nd5 Nxd5 17. Bxd5 Bxd5 18. Rxd5 Nf6 19. Bxf6 Bxf6 20. Qg4 Kh7
21. Rad1 Qe6 22. Qf4 Rad8 23. e4 c6 24. Rxd8 Rxd8 25. Rxd8 Bxd8 26. b3 Bg5 27.
Qf3 Qe5 28. h4 Bf6 29. g3 Kg8 30. Kg2 b5 31. h5 Qc7 32. Qd3 a6 33. f4 Be7 34.
e5 Bf8 35. Kf3 Qa5 36. Qc2 Qe1 37. Ne3 c5 38. Qd3 Qh1+ 39. Kg4 Qc6 40. Qd5 Qb6
41. Kf3 g6 42. Qa8 c4 43. bxc4 gxh5 44. cxb5 axb5 45. Nd5 Qg1 46. Nf6+ Kg7 47.
Nxh5+ Kg8 48. Nf6+ Kg7 49. Qe4 Qh1+ 50. Kg4 Qd1+ 51. Kh4 1-0

[Event "Team men HL chess 2017"]
[Site "Sochi"]
[Date "2017.05.09"]
[Round "8.8"]
[White "Skurikhin, Dmitrij"]
[Black "Antonenko, Vladimir"]
[Result "1/2-1/2"]
[WhiteElo "2345"]
[BlackElo "2311"]
[PlyCount "88"]
[EventDate "2017.05.01"]

1. d4 Nf6 2. c4 e6 3. Nc3 d5 4. cxd5 exd5 5. Bg5 c6 6. e3 Nbd7 7. Bd3 Bd6 8.
Nf3 O-O 9. O-O Re8 10. Re1 Be7 11. Qc2 Nf8 12. Ne5 Ng4 13. Bxe7 Qxe7 14. Nf3
Nf6 15. e4 dxe4 16. Nxe4 Nxe4 17. Bxe4 Be6 18. d5 cxd5 19. Bxd5 Qd7 20. Bxe6
Rxe6 21. Rxe6 Qxe6 22. Qa4 Qb6 23. Qc2 Rd8 24. Rc1 Ne6 25. g3 Qb5 26. b3 Qd5
27. Qc3 h6 28. Rc2 Qe4 29. Rd2 Qb1+ 30. Kg2 Rxd2 31. Qxd2 Qe4 32. Qe3 Qxe3 33.
fxe3 Kf8 34. Kf2 Ke7 35. e4 Ng5 36. Nxg5 hxg5 37. h3 Kd6 38. Ke3 Ke5 39. Kd3
Kd6 40. Kd4 f6 41. Kd3 Kc5 42. a3 a6 43. Ke3 a5 44. Kd3 Kd6 1/2-1/2

[Event "Team men HL chess 2017"]
[Site "Sochi"]
[Date "2017.05.09"]
[Round "8.8"]
[White "Gubsky, Egor"]
[Black "Parfenov, Viktor N"]
[Result "1-0"]
[WhiteElo "2284"]
[BlackElo "2240"]
[PlyCount "75"]
[EventDate "2017.05.01"]

1. d4 Nf6 2. c4 e6 3. Nf3 d5 4. Nc3 Bb4 5. e3 O-O 6. a3 Bxc3+ 7. bxc3 c5 8.
cxd5 exd5 9. Be2 c4 10. Nd2 Bf5 11. O-O Re8 12. Re1 Nc6 13. Nf1 b5 14. Bd2 a5
15. Ng3 Bg6 16. Bh5 Nxh5 17. Nxh5 h6 18. Nf4 Be4 19. Qg4 Qg5 20. Qd7 Ne7 21.
Kh1 Red8 22. Qc7 Rdc8 23. Qd7 Rd8 24. Qxb5 Rdb8 25. Qa4 Rb2 26. Qd1 Rab8 27.
Qe2 Ng6 28. f3 Bf5 29. g4 Bc2 30. Qf2 Nh4 31. Bc1 Be4 32. Bxb2 Nxf3 33. Ng2 Nh4
34. Rg1 Qxg4 35. Bc1 Rb6 36. Qg3 Bxg2+ 37. Rxg2 Qe4 38. Qxg7# 1-0

[Event "Team men HL chess 2017"]
[Site "Sochi"]
[Date "2017.05.09"]
[Round "8.8"]
[White "Zaika, Daniil"]
[Black "Kuzmin, Artem"]
[Result "1-0"]
[WhiteElo "2149"]
[BlackElo "2040"]
[PlyCount "71"]
[EventDate "2017.05.01"]

1. d4 Nf6 2. Nf3 g6 3. c4 Bg7 4. Nc3 O-O 5. e4 d6 6. Be2 e5 7. d5 a5 8. O-O Na6
9. Qc2 Nh5 10. g3 Qe8 11. Nh4 Nf6 12. f3 Qe7 13. Bg5 h6 14. Be3 Kh7 15. a3 Ne8
16. Rab1 f5 17. exf5 gxf5 18. Bd3 Qf6 19. f4 e4 20. Bxe4 Nc5 21. Bf3 Bd7 22.
Rfe1 a4 23. Bh5 Nb3 24. Rbd1 c5 25. dxc6 bxc6 26. c5 Be6 27. cxd6 c5 28. Ng6
Rg8 29. Ne5 Bf8 30. d7 Nd6 31. Nd5 Qg7 32. Nc7 Nd4 33. Bxd4 Bb3 34. Qd2 Rd8 35.
Bg6+ Kh8 36. Nf7+ 1-0

[Event "Team men HL 2017"]
[Site "Sochi"]
[Date "2017.05.09"]
[Round "8.1"]
[White "Shimanov, Aleksandr"]
[Black "Triapishko, Alexandr"]
[Result "0-1"]
[WhiteElo "2642"]
[BlackElo "2490"]
[PlyCount "80"]
[EventDate "2017.??.??"]

1. c4 e5 2. g3 Nf6 3. Bg2 c6 4. Nf3 e4 5. Nd4 d5 6. cxd5 Qxd5 7. e3 Bc5 8. d3
Qe5 9. dxe4 Nxe4 10. Nc3 Nxc3 11. bxc3 O-O 12. O-O Rd8 13. e4 Bxd4 14. cxd4
Qxd4 15. Be3 Qxd1 16. Rfxd1 Re8 17. Rab1 f6 18. a4 Nd7 19. Bh3 Nb6 20. Bxc8
Rexc8 21. Rb4 c5 22. Rb5 Rc7 23. Bf4 Re7 24. Rdb1 Nxa4 25. Rxb7 Rxb7 26. Rxb7
Nc3 27. Be3 Nxe4 28. f3 Ng5 29. Bxc5 a5 30. Kg2 a4 31. h4 Ne6 32. Ba3 Nd4 33.
Rb2 Rc8 34. Rb4 Rc2+ 35. Kf1 Nxf3 36. Rxa4 Ra2 37. Ra8+ Kf7 38. Rf8+ Kg6 39.
Bb4 Nh2+ 40. Kg1 Kh5 0-1

[Event "Team men HL 2017"]
[Site "Sochi"]
[Date "2017.05.09"]
[Round "8.2"]
[White "Iljin, Timofey"]
[Black "Kovalev, Vladislav"]
[Result "0-1"]
[WhiteElo "2317"]
[BlackElo "2629"]
[PlyCount "98"]
[EventDate "2017.??.??"]

1. d4 Nf6 2. c4 c5 3. d5 g6 4. Nc3 Bg7 5. e4 O-O 6. Nf3 e6 7. Bd3 exd5 8. cxd5
d6 9. h3 Re8 10. O-O a6 11. a4 Nbd7 12. Bf4 Qe7 13. Qd2 Nh5 14. Bg5 Bf6 15. Bh6
Bg7 16. Bg5 Qf8 17. Rae1 Rb8 18. Nh2 b5 19. g4 Nhf6 20. f4 c4 21. Bb1 b4 22.
Nd1 Bb7 23. Nf3 Nc5 24. Nf2 a5 25. Bxf6 Bxf6 26. g5 c3 27. Qd1 Bg7 28. f5 b3
29. bxc3 Bc8 30. Ng4 Nxa4 31. f6 Bxg4 32. hxg4 Bh8 33. Qd4 Nc5 34. e5 dxe5 35.
Nxe5 Qd6 36. Kg2 a4 37. Nc6 a3 38. Nxb8 Rxb8 39. Re2 Nd7 40. Re6 fxe6 41. f7+
Kf8 42. Qxh8+ Ke7 43. Qxh7 Nf8 44. Qg7 Qxd5+ 45. Kh3 a2 46. Bxg6 b2 47. Qf6+
Kd7 48. c4 Rb3+ 49. Kh4 Qd6 0-1

[Event "Team men HL 2017"]
[Site "Sochi"]
[Date "2017.05.09"]
[Round "8.3"]
[White "Yuffa, Daniil"]
[Black "Kurbedinov, Ramis"]
[Result "1-0"]
[WhiteElo "2510"]
[BlackElo "2318"]
[PlyCount "65"]
[EventDate "2017.??.??"]

1. d4 Nf6 2. c4 e6 3. g3 c5 4. d5 exd5 5. cxd5 d6 6. Nc3 g6 7. Bg2 Bg7 8. Nf3
O-O 9. O-O Nbd7 10. a4 b6 11. Bf4 Qe7 12. Nb5 Ne8 13. Ra3 f6 14. Rb3 a6 15. Na3
g5 16. Bc1 Nc7 17. Nc4 b5 18. Re3 Ne5 19. Nfxe5 fxe5 20. Nxe5 Bxe5 21. f4 Bb7
22. fxe5 Rxf1+ 23. Qxf1 Nxd5 24. Rd3 Rf8 25. Qd1 Nb4 26. Bxb7 Qxb7 27. Rxd6 Qe4
28. Bxg5 Qxe5 29. Bh6 Re8 30. Qb3+ Kh8 31. Qf7 Rg8 32. Rd7 Rxg3+ 33. Kf1 1-0

[Event "Team men HL 2017"]
[Site "Sochi"]
[Date "2017.05.09"]
[Round "8.4"]
[White "Derjabin, Ilja"]
[Black "Lugovskoy, Maxim"]
[Result "1/2-1/2"]
[WhiteElo "2341"]
[BlackElo "2464"]
[PlyCount "139"]
[EventDate "2017.??.??"]

1. Nf3 d5 2. c4 e6 3. g3 Nf6 4. Bg2 d4 5. b4 c5 6. Bb2 Bd6 7. O-O Nc6 8. bxc5
Bxc5 9. e3 O-O 10. exd4 Nxd4 11. Nxd4 Bxd4 12. Nc3 e5 13. Ba3 Re8 14. Rb1 Be6
15. Qa4 Rc8 16. c5 b6 17. Bc6 bxc5 18. Bxe8 Nxe8 19. Ne4 Nf6 20. d3 Nxe4 21.
dxe4 Bh3 22. Qa6 Bxf1 23. Kxf1 c4 24. Qd6 Qxd6 25. Bxd6 c3 26. Ba3 h6 27. Ke2
Rc6 28. Rb8+ Kh7 29. Bc1 Bb6 30. f3 h5 31. Re8 Bd4 32. Kd3 h4 33. gxh4 Rg6 34.
f4 f6 35. Be3 Bxe3 36. Kxe3 c2 37. Rc8 Rg2 38. fxe5 fxe5 39. h3 Rg3+ 40. Kd2
Rxh3 41. Kxc2 Rxh4 42. Ra8 g5 43. Rxa7+ Kg6 44. Kd3 g4 45. Ke3 Rh3+ 46. Kf2
Rf3+ 47. Kg2 Kg5 48. a4 Kf4 49. Rf7+ Kxe4 50. Rg7 Kf4 51. Rf7+ Ke3 52. Re7 e4
53. a5 Rf2+ 54. Kg3 Ra2 55. Ra7 Kd2 56. a6 e3 57. Rd7+ Ke1 58. a7 e2 59. Kxg4
Ra4+ 60. Kh3 Ra6 61. Kh4 Rh6+ 62. Kg3 Rg6+ 63. Kh3 Rg8 64. Kh2 Rc8 65. Kg2 Ra8
66. Kg1 Rf8 67. Kg2 Rg8+ 68. Kh2 Rh8+ 69. Kg2 Rd8 70. Rxd8 1/2-1/2

[Event "Team men HL 2017"]
[Site "Sochi"]
[Date "2017.05.09"]
[Round "8.5"]
[White "Iljiushenok, Ilia"]
[Black "Paravyan, David"]
[Result "1-0"]
[WhiteElo "2489"]
[BlackElo "2528"]
[PlyCount "51"]
[EventDate "2017.??.??"]

1. e4 e5 2. Nc3 Nf6 3. g3 d5 4. exd5 Nxd5 5. Bg2 Nf6 6. Nf3 Nc6 7. O-O Bc5 8.
d3 O-O 9. h3 h6 10. Be3 Bxe3 11. fxe3 Be6 12. Nh4 g6 13. Qd2 Kg7 14. Qf2 h5 15.
Rad1 Re8 16. b3 Nb4 17. d4 c6 18. dxe5 Nd7 19. Ne4 Qe7 20. a3 Nd5 21. c4 Nc7
22. Qf4 Red8 23. Nf6 Ne8 24. Rxd7 Rxd7 25. Qg5 Qd8 26. Be4 1-0

[Event "Team men HL 2017"]
[Site "Sochi"]
[Date "2017.05.09"]
[Round "8.6"]
[White "Zhukova, Natalia"]
[Black "Chernobay, Artem"]
[Result "0-1"]
[WhiteElo "2450"]
[BlackElo "2496"]
[PlyCount "104"]
[EventDate "2017.??.??"]

1. d4 Nf6 2. c4 g6 3. Nc3 Bg7 4. e4 d6 5. f4 O-O 6. Nf3 c5 7. d5 e6 8. dxe6
fxe6 9. Bd3 Nc6 10. O-O b6 11. e5 dxe5 12. fxe5 Nxe5 13. Nxe5 Qd4+ 14. Kh1 Qxe5
15. Bf4 Qd4 16. Nb5 Qd7 17. Nc7 e5 18. Bxe5 Ng4 19. Bg3 Bb7 20. Bf5 Qxd1 21.
Be6+ Kh8 22. Rfxd1 Ne3 23. Nxa8 Bxg2+ 24. Kg1 Nxd1 25. Kxg2 Ne3+ 26. Kh3 Rxa8
27. Re1 Nf5 28. b3 Nxg3 29. hxg3 Re8 30. Re4 Bd4 31. Bd5 Rxe4 32. Bxe4 Kg7 33.
Bd5 Kf6 34. Bg8 h5 35. g4 hxg4+ 36. Kxg4 g5 37. Bd5 Bb2 38. a4 Bc3 39. Bc6 Bd2
40. Bb5 Ke5 41. a5 Bxa5 42. Kxg5 Kd4 43. Kf5 Bd2 44. Ke6 Kc3 45. Kd5 Kxb3 46.
Ba6 Be3 47. Kc6 Kb4 48. Kd5 Bg1 49. Ke4 b5 50. cxb5 c4 51. Bc8 c3 52. Kd3 Kb3
0-1

[Event "Team men HL 2017"]
[Site "Sochi"]
[Date "2017.05.09"]
[Round "8.7"]
[White "Sarana, Alexey"]
[Black "Kryakvin, Dmitry"]
[Result "1/2-1/2"]
[WhiteElo "2472"]
[BlackElo "2560"]
[PlyCount "84"]
[EventDate "2017.??.??"]

1. d4 e6 2. c4 Bb4+ 3. Nd2 c5 4. a3 Bxd2+ 5. Qxd2 cxd4 6. Nf3 Nf6 7. Nxd4 O-O
8. e3 d5 9. Be2 e5 10. Nf3 e4 11. Nd4 dxc4 12. Bxc4 Nbd7 13. O-O Ne5 14. Ba2
Bd7 15. b4 Qe7 16. Bb2 Rac8 17. Rac1 h5 18. Rxc8 Rxc8 19. Rc1 Rxc1+ 20. Qxc1
Nd3 21. Qc3 Ng4 22. Nf5 Qf6 23. Qxf6 gxf6 24. h3 Bxf5 25. hxg4 Be6 26. Bxe6
fxe6 27. Bxf6 hxg4 28. Kh2 Kf7 29. Bd4 a6 30. Kg3 e5 31. Bc3 Kg6 32. Kxg4 Nxf2+
33. Kg3 Nd3 34. a4 Kf5 35. Kh4 Nf2 36. b5 axb5 37. axb5 Ng4 38. Bd2 Nf6 39. Bc1
Kg6 40. Bb2 Kf5 41. Bc3 Ng4 42. Bd2 Nf6 1/2-1/2

[Event "Team men HL 2017"]
[Site "Sochi"]
[Date "2017.05.09"]
[Round "8.8"]
[White "Barskij, Vladimir"]
[Black "Ofitserian, Boris"]
[Result "0-1"]
[WhiteElo "2389"]
[BlackElo "2391"]
[PlyCount "94"]
[EventDate "2017.??.??"]

1. e4 c5 2. Nf3 d6 3. Bb5+ Nd7 4. c3 Ngf6 5. Qe2 a6 6. Ba4 b5 7. Bc2 Bb7 8. O-O
e5 9. d4 Be7 10. a4 O-O 11. Rd1 Qb6 12. Bg5 h6 13. Bh4 Rfe8 14. axb5 axb5 15.
Rxa8 Bxa8 16. dxe5 dxe5 17. b3 Bc6 18. Nbd2 Bf8 19. Nf1 Qb7 20. N3d2 Ra8 21.
Ne3 g6 22. g4 Ra2 23. f3 Nh7 24. Bb1 Ra3 25. Bg3 Ng5 26. Kg2 Ne6 27. Nd5 Bd6
28. Qd3 Kg7 29. h4 c4 30. bxc4 b4 31. Rc1 Ndc5 32. Qf1 b3 33. Nb4 Nf4+ 34. Kh2
Na4 35. Bxf4 exf4 36. Qd3 b2 37. Qd4+ Kg8 38. Rc2 Bxb4 39. cxb4 Qxb4 40. Qd8+
Qf8 41. Qf6 Qc5 42. Qxf4 Qf2+ 43. Kh3 h5 44. Qf6 hxg4+ 45. Kxg4 Bd7+ 46. Kg5
Qe3+ 47. f4 Qc5+ 0-1

[Event "Team men HL chess 2017"]
[Site "Sochi"]
[Date "2017.05.10"]
[Round "9.1"]
[White "Pakhomov, Alexey"]
[Black "Shimanov, Aleksandr"]
[Result "1/2-1/2"]
[WhiteElo "2343"]
[BlackElo "2642"]
[PlyCount "117"]
[EventDate "2017.05.01"]

1. d4 Nf6 2. c4 g6 3. Nc3 Bg7 4. e4 O-O 5. Be2 d6 6. Nf3 Na6 7. O-O e5 8. Be3
c6 9. Re1 Re8 10. dxe5 Ng4 11. Bc1 Nxe5 12. Nd4 Qh4 13. Be3 Nc5 14. f3 f5 15.
exf5 Ned3 16. g3 Rxe3 17. gxh4 Bxd4 18. Kg2 Nxe1+ 19. Qxe1 Bxf5 20. Qd2 Ne6 21.
Bf1 Re8 22. Ne2 Bb6 23. Ng3 Nd4 24. Kh1 R8e6 25. b4 Nxf3 26. Qf2 Bd4 27. Nxf5
gxf5 28. Rd1 c5 29. bxc5 Bxc5 30. h5 Re7 31. Be2 Ng5 32. Qxf5 R3e5 33. Qc8+ Re8
34. Qg4 Kh8 35. Rf1 Ne4 36. Qf4 Rg8 37. Bg4 Bd4 38. h3 Re7 39. Kg2 Bc3 40. Qe3
Rge8 41. Rf5 Kg8 42. Qd3 h6 43. Rf4 Bg7 44. Bf3 Nc5 45. Qxd6 b6 46. Qg6 Nd7 47.
Be4 Nf8 48. Qg4 Kh8 49. Bg6 Rd8 50. Rf2 Red7 51. Be4 Re7 52. Bd5 b5 53. Rf7
Rxf7 54. Bxf7 Rd2+ 55. Kf1 Rd4 56. Qf3 Rd6 57. Qb7 Rd7 58. Qf3 Rd6 59. Qb7
1/2-1/2

[Event "Team men HL chess 2017"]
[Site "Sochi"]
[Date "2017.05.10"]
[Round "9.1"]
[White "Kovalev, Vladislav"]
[Black "Meshkov, Yuri A"]
[Result "1-0"]
[WhiteElo "2629"]
[BlackElo "2345"]
[PlyCount "69"]
[EventDate "2017.05.01"]

1. e4 d5 2. exd5 Qxd5 3. Nc3 Qd6 4. d4 Nf6 5. Nf3 g6 6. Nb5 Qd8 7. Bf4 Na6 8.
c4 c6 9. Nc3 Bg7 10. h3 O-O 11. Be2 Nc7 12. O-O Ne6 13. Be3 Qc7 14. Re1 Rd8 15.
Bf1 b6 16. Qd2 Bb7 17. Rad1 Rac8 18. Bh6 Rd6 19. Bxg7 Kxg7 20. Qe3 a6 21. b4 b5
22. c5 Rdd8 23. g4 a5 24. a3 axb4 25. axb4 Ra8 26. Ne5 Nf8 27. g5 Ne8 28. d5
cxd5 29. Nxb5 Qc8 30. Nd4 f6 31. Ng4 Rd7 32. b5 Qxc5 33. Nf5+ gxf5 34. Qxc5
fxg4 35. Rxe7+ 1-0

[Event "Team men HL chess 2017"]
[Site "Sochi"]
[Date "2017.05.10"]
[Round "9.1"]
[White "Babarykin, Stanislav"]
[Black "Yuffa, Daniil"]
[Result "0-1"]
[WhiteElo "2354"]
[BlackElo "2510"]
[PlyCount "78"]
[EventDate "2017.05.01"]

1. e4 c6 2. d4 d5 3. Nc3 dxe4 4. Nxe4 Bf5 5. Ng3 Bg6 6. h4 h6 7. Nf3 Nd7 8. h5
Bh7 9. Bd3 Bxd3 10. Qxd3 e6 11. Bd2 Ngf6 12. O-O-O Bd6 13. Ne4 Nxe4 14. Qxe4
Nf6 15. Qe2 Bc7 16. c4 b5 17. Kb1 bxc4 18. Qxc4 O-O 19. Ne5 c5 20. Bf4 Nd5 21.
Nc6 Qd7 22. Bxc7 Qxc7 23. Qxc5 Rfc8 24. Rc1 Qf4 25. Rc2 Rc7 26. Rhc1 Qf5 27.
Qd6 Qxh5 28. Rc5 Qg6+ 29. Ka1 Qxg2 30. Rxd5 Rxc6 31. Qxc6 Qxd5 32. Qxd5 exd5
33. b4 Rb8 34. a3 Rb7 35. Kb2 g5 36. Kb3 h5 37. Ka4 f5 38. Ka5 h4 39. Rh1 Rh7
0-1

[Event "Team men HL chess 2017"]
[Site "Sochi"]
[Date "2017.05.10"]
[Round "9.1"]
[White "Lugovskoy, Maxim"]
[Black "Suslov, Evgeniy"]
[Result "0-1"]
[WhiteElo "2464"]
[BlackElo "2252"]
[PlyCount "148"]
[EventDate "2017.05.01"]

1. e4 d6 2. d4 Nf6 3. Nc3 Nc6 4. Nf3 e5 5. Bb5 Bd7 6. O-O exd4 7. Nxd4 Be7 8.
Bxc6 Bxc6 9. Qf3 O-O 10. Nf5 Ne8 11. Nd5 Bxd5 12. exd5 Bg5 13. Qb3 Bxc1 14.
Raxc1 Qd7 15. Nd4 Nf6 16. c4 Rfe8 17. h3 b6 18. Rfe1 Rxe1+ 19. Rxe1 Re8 20.
Rxe8+ Qxe8 21. Qe3 Qxe3 22. fxe3 a5 23. Kf2 Kf8 24. Ke2 Ke8 25. Kd3 Nd7 26. e4
Ne5+ 27. Kc3 Nd7 28. Nb5 Kd8 29. Kd4 Ne5 30. b3 Ng6 31. Ke3 Ne5 32. Nd4 a4 33.
Nf5 axb3 34. axb3 g6 35. Nd4 Ke7 36. Kd2 Nd7 37. b4 Ne5 38. Kc3 Nd7 39. Nb5 Kd8
40. Kd4 Kc8 41. Na7+ Kd8 42. Nc6+ Ke8 43. g4 f6 44. Na7 Ne5 45. c5 bxc5+ 46.
bxc5 dxc5+ 47. Kxc5 Kd7 48. Kd4 g5 49. Nb5 Ng6 50. Kc5 Nf4 51. Nd4 Nxh3 52. Ne6
Nf2 53. Nf8+ Ke7 54. Ne6 Nxg4 55. Kc6 Ne5+ 56. Kxc7 g4 57. Nd4 h5 58. d6+ Kf7
59. Nf5 Kg6 60. Ne7+ Kg7 61. Nc6 Ng6 62. Nd4 Ne5 63. Nc6 Ng6 64. Kc8 Nf8 65.
Nd4 Kf7 66. Nf5 Ke6 67. Kc7 Ke5 68. Kd8 Kxe4 69. Ng3+ Ke5 70. Nxh5 Ne6+ 71. Kc8
Nc5 72. Kc7 Ne4 73. d7 Nc5 74. Nxf6 Ne6+ 0-1

[Event "Team men HL chess 2017"]
[Site "Sochi"]
[Date "2017.05.10"]
[Round "9.4"]
[White "Alexeev, Alexey"]
[Black "Goryachkina, Aleksandra"]
[Result "1/2-1/2"]
[WhiteElo "2301"]
[BlackElo "2470"]
[PlyCount "98"]
[EventDate "2017.05.01"]

1. e4 c6 2. d4 d5 3. e5 Bf5 4. Nf3 e6 5. Be2 Ne7 6. O-O h6 7. Nbd2 Nd7 8. Nb3
Qc7 9. Bd2 a5 10. a4 g5 11. Ne1 c5 12. f4 c4 13. Nc1 Nc6 14. c3 gxf4 15. Bxf4
O-O-O 16. Bh5 f6 17. exf6 Bd6 18. Bxd6 Qxd6 19. Ne2 Nxf6 20. Ng3 Ne7 21. Nf3
Bg4 22. Bxg4 Nxg4 23. Qe2 Ng6 24. Nh5 Rhf8 25. Rae1 Rde8 26. h3 Nf6 27. Ne5
Nxh5 28. Qxh5 Nxe5 29. Rxf8 Qxf8 30. Rxe5 Re7 31. Qg4 Qe8 32. Rxd5 Qxa4 33.
Rc5+ Kb8 34. Qf4+ Ka7 35. Qxh6 b6 36. Rc8 Re8 37. Rc7+ Ka6 38. Qh7 Ra8 39. Qe4
Ra7 40. Rc8 Qa1+ 41. Kh2 Qxb2 42. Rxc4 Qf2 43. Qe5 Ra8 44. Rc7 Rg8 45. Rg7 Rxg7
46. Qxg7 Qf4+ 47. Kh1 Qf1+ 48. Kh2 Qf4+ 49. Kh1 Qf1+ 1/2-1/2

[Event "Team men HL chess 2017"]
[Site "Sochi"]
[Date "2017.05.10"]
[Round "9.4"]
[White "Potapov, Pavel"]
[Black "Vasilevich, Tatjana"]
[Result "1-0"]
[WhiteElo "2497"]
[BlackElo "2372"]
[PlyCount "91"]
[EventDate "2017.05.01"]

1. e4 c5 2. Nf3 e6 3. g3 d5 4. exd5 exd5 5. d4 Nc6 6. Bg2 Bg4 7. O-O Nxd4 8.
Qe1+ Be7 9. Nxd4 cxd4 10. Qe5 Nf6 11. Qxd4 O-O 12. Nc3 Bf5 13. Qa4 d4 14. Ne2
Bc5 15. Nf4 Qb6 16. Nd3 Rac8 17. Re1 Bd7 18. Qb3 Bc6 19. Bg5 Bxg2 20. Kxg2 Qc6+
21. Kg1 Ne4 22. Ne5 Qb6 23. Rxe4 Qxb3 24. axb3 Rfe8 25. Rae1 f6 26. Bxf6 gxf6
27. Nd7 Red8 28. Nxf6+ Kf7 29. Ng4 Rc7 30. Ne5+ Kf8 31. Nd3 Bb6 32. Nf4 Rd6 33.
Ne6+ Rxe6 34. Rxe6 Rxc2 35. R6e2 Rc7 36. Rd1 Rd7 37. Kg2 Kf7 38. Kf3 Kf6 39.
Ke4 a6 40. Kd3 Rd5 41. b4 Rd7 42. Rde1 Kf7 43. Re4 Ba7 44. Rc1 Bb6 45. Rc8 Ba7
46. f4 1-0

[Event "Team men HL chess 2017"]
[Site "Sochi"]
[Date "2017.05.10"]
[Round "9.4"]
[White "Linker, Mikhail"]
[Black "Belyakov, Bogdan"]
[Result "1/2-1/2"]
[WhiteElo "2239"]
[BlackElo "2470"]
[PlyCount "98"]
[EventDate "2017.05.01"]

1. d4 Nf6 2. c4 g6 3. Nf3 Bg7 4. g3 O-O 5. Bg2 d6 6. O-O Nc6 7. Nc3 a6 8. Bf4
Bf5 9. Rc1 Ne4 10. Nxe4 Bxe4 11. d5 Nb8 12. Qd2 c5 13. Bh3 Bxf3 14. exf3 Nd7
15. Rfe1 Ne5 16. Kg2 b5 17. b3 bxc4 18. bxc4 Rb8 19. Bg5 Re8 20. f4 Nd7 21. Rb1
Rxb1 22. Rxb1 h6 23. Bh4 Qc7 24. Qc2 Rb8 25. Bxe7 Rxb1 26. Qxb1 Nb6 27. Qe4
Nxc4 28. Bh4 Nb6 29. Qe8+ Kh7 30. Bd8 Qb8 31. f5 Nxd5 32. Qxf7 Nf4+ 33. gxf4
Qxd8 34. fxg6+ Kh8 35. Be6 Qf8 36. Kf3 Qxf7 37. gxf7 Bf8 38. Ke4 Kg7 39. Kf5
Be7 40. Bc4 a5 41. Ke6 Kf8 42. a4 Bh4 43. f3 Be1 44. Kxd6 Bd2 45. f5 Bc1 46. h4
Bd2 47. h5 Bc1 48. Kxc5 Bf4 49. Kc6 Ke7 1/2-1/2

[Event "Team men HL chess 2017"]
[Site "Sochi"]
[Date "2017.05.10"]
[Round "9.4"]
[White "Savitskiy, Sergey"]
[Black "Pervakov, Sergey"]
[Result "1-0"]
[WhiteElo "2416"]
[BlackElo "2134"]
[PlyCount "107"]
[EventDate "2017.05.01"]

1. e4 d6 2. d4 Nf6 3. Nc3 g6 4. Bg5 Bg7 5. Qd2 c6 6. f4 O-O 7. Nf3 Na6 8. e5
Ne8 9. O-O-O Bg4 10. Be2 Nac7 11. Bh4 Bh6 12. Ng5 Qd7 13. Kb1 f6 14. exf6 exf6
15. Nf3 d5 16. h3 Bxf3 17. Bxf3 Nd6 18. g4 Nc4 19. Qc1 Qd6 20. Bg3 Rae8 21. Rd3
f5 22. Ne2 Ne6 23. b3 Qb4 24. h4 Bg7 25. c3 Qb5 26. Kc2 Nd6 27. h5 fxg4 28.
Bxg4 Ne4 29. hxg6 hxg6 30. Qf1 Qa6 31. Nc1 Nxg3 32. Bxe6+ Rxe6 33. Rxg3 Qxf1
34. Rxf1 Rf5 35. Rf2 Kf7 36. Nd3 b6 37. b4 Rh5 38. Ne5+ Bxe5 39. fxe5+ Rf5 40.
Rxf5+ gxf5 41. Rg5 Rh6 42. Rxf5+ Ke6 43. Rf8 c5 44. bxc5 bxc5 45. Kb3 cxd4 46.
cxd4 Rh3+ 47. Kb4 a5+ 48. Kb5 Ra3 49. Rf6+ Ke7 50. Kc5 Rxa2 51. Kxd5 a4 52. Ra6
a3 53. Ra7+ Ke8 54. Ke6 1-0

[Event "Team men HL chess 2017"]
[Site "Sochi"]
[Date "2017.05.10"]
[Round "9.5"]
[White "Tekeyev, Zaur"]
[Black "Bublei, Pavel"]
[Result "0-1"]
[WhiteElo "2383"]
[BlackElo "2399"]
[PlyCount "96"]
[EventDate "2017.05.01"]

1. e4 c6 2. d4 d5 3. Nd2 dxe4 4. Nxe4 Nd7 5. Ng5 h6 6. Ne6 Qb6 7. Nxf8 Nxf8 8.
Nf3 Nf6 9. c3 Bf5 10. Ne5 N8d7 11. Qf3 Bh7 12. Nc4 Qd8 13. Qg3 Bg6 14. Be2 O-O
15. O-O Ne4 16. Qh3 Nd6 17. Ne5 Bf5 18. Qf3 Rc8 19. Re1 c5 20. Be3 Be4 21. Qh3
Nxe5 22. dxe5 Nf5 23. Rad1 Qb6 24. Bc1 e6 25. Qg4 Bc2 26. Rd2 Bb1 27. Qc4 Rfd8
28. Red1 Rxd2 29. Rxd2 Qc7 30. f4 a6 31. a4 Ne3 32. Qb3 Be4 33. g3 Bc2 34. Qa3
Qc6 35. Bf1 Bxa4 36. c4 Nxf1 37. Rd6 Qe4 38. Qxa4 Nxg3 39. hxg3 Qe1+ 40. Kg2
Qxc1 41. Qb3 b5 42. cxb5 c4 43. Qb4 axb5 44. Qxb5 c3 45. bxc3 Rxc3 46. Qe8+ Kh7
47. Qxf7 Qd2+ 48. Kh3 Qf2 0-1

[Event "Team men HL chess 2017"]
[Site "Sochi"]
[Date "2017.05.10"]
[Round "9.5"]
[White "Antonenko, Vladimir"]
[Black "Nechaev, Oleg"]
[Result "0-1"]
[WhiteElo "2311"]
[BlackElo "2386"]
[PlyCount "96"]
[EventDate "2017.05.01"]

1. d4 Nf6 2. c4 c5 3. d5 b5 4. cxb5 a6 5. bxa6 g6 6. Nc3 Bg7 7. Nf3 O-O 8. e4
Qa5 9. Nd2 Bxa6 10. Be2 d6 11. O-O Bxe2 12. Qxe2 Nbd7 13. a4 Rfb8 14. Ra3 Ne8
15. Nb5 Qd8 16. Nc4 Nc7 17. Nxc7 Qxc7 18. a5 Qb7 19. Qc2 Qa6 20. Bf4 Rb4 21.
Ra4 Rb5 22. Rb1 Rab8 23. b3 Bd4 24. h3 R5b7 25. g3 Rb5 26. Kg2 R5b7 27. Na3 Qa8
28. Qc4 Rb4 29. Rxb4 Rxb4 30. Qd3 Qxa5 31. Nc2 Rb8 32. Nxd4 cxd4 33. b4 Qb6 34.
b5 h5 35. Bg5 Ne5 36. Qb3 f6 37. Bd2 Kf7 38. g4 hxg4 39. hxg4 Rh8 40. Kg3 g5
41. f3 Rh4 42. Kg2 d3 43. Rf1 Qd4 44. Qb4 Nc4 45. Kg3 Qe5+ 46. f4 Qxe4 47. b6
Qe2 48. fxg5 Rxg4+ 0-1